[Event "AUTO-MASTER-1834"]
[Site "http://www.queenalice.com/game.php?id=1204645"]
[Date "2013.8.2"]
[Round "2"]
[White "seigneur"]
[Black "Rusty"]
[Result "0-1"]
[WhiteElo "2311"]
[BlackElo "2437"]

1. e4 e5 2. Nf3 Nc6 3. Bb5 a6 4. Ba4 Nf6 5. O-O Be7 6. Re1 b5 7. Bb3 O-O 8. a4
b4 9. d4 d6 10. dxe5 Nxe5 11. h3 Bb7 12. Bd5 Nxd5 13. exd5 Bf6 14. c3 a5 15. Bf4
Nc4 16. b3 Nb6 0-1

[Event "AUTO-MASTER-1834"]
[Site "http://www.queenalice.com/game.php?id=1204646"]
[Date "2013.8.2"]
[Round "2"]
[White "Rusty"]
[Black "seigneur"]
[Result "1-0"]
[WhiteElo "2430"]
[BlackElo "2300"]

1. d4 e6 2. Nf3 Nf6 3. e3 b6 4. Bd3 Bb7 5. Nbd2 d5 6. O-O Nbd7 7. Qe2 Be7 8. c4
O-O 9. e4 dxe4 10. Nxe4 c5 11. Rd1 Qc7 12. Bg5 Rfe8 13. dxc5 bxc5 14. Nxf6+ Bxf6
15. Bxh7+ Kxh7 16. Qd3+ Kg8 17. Qxd7 Qxd7 18. Rxd7 Bxf3 19. Bxf6 Bc6 20. Rc7
Rac8 21. Rxc8 Rxc8 22. Be7 Be8 23. Rd1 f6 24. f3 Kf7 25. Bd6 e5 26. Rd5 1-0

[Event "AUTO-MASTER-1834"]
[Site "http://www.queenalice.com/game.php?id=1204647"]
[Date "2013.8.2"]
[Round "2"]
[White "seigneur"]
[Black "LUKK"]
[Result "0-1"]
[WhiteElo "2303"]
[BlackElo "2565"]

1. e4 g6 2. d4 Bg7 3. Nf3 d6 4. Bc4 Nf6 5. Qe2 O-O 6. e5 dxe5 7. dxe5 Nd5 8. h3
c6 9. O-O Be6 10. Ng5 Nd7 11. Nxe6 fxe6 12. Qg4 Rf5 13. f4 Qb6+ 14. Kh1 Raf8 15.
Rf3 Qd4 16. Bxd5 Nxe5 0-1

[Event "AUTO-MASTER-1834"]
[Site "http://www.queenalice.com/game.php?id=1204648"]
[Date "2013.8.2"]
[Round "2"]
[White "LUKK"]
[Black "seigneur"]
[Result "1-0"]
[WhiteElo "2538"]
[BlackElo "2308"]

1. g4 d5 2. c4 dxc4 3. Qa4+ c6 4. Qxc4 e5 5. Nf3 Bd6 6. Nc3 Ne7 7. Ne4 Bc7 8.
Rg1 O-O 9. h4 Be6 10. Qc2 f6 11. Neg5 fxg5 12. Nxg5 Bf5 13. gxf5 1-0

[Event "AUTO-OPEN-2799"]
[Site "http://www.queenalice.com/game.php?id=1215927"]
[Date "2013.9.10"]
[Round "3"]
[White "denisan"]
[Black "seigneur"]
[Result "0-1"]
[WhiteElo "1825"]
[BlackElo "2299"]

1. d4 Nf6 2. c4 g6 3. Nc3 Bg7 4. e4 d6 5. Nf3 O-O 6. Be2 Na6 7. O-O e5 8. dxe5
dxe5 9. Be3 Ng4 10. Bg5 f6 11. Bd2 Nh6 12. h3 Be6 0-1

[Event "AUTO-MASTER-2019"]
[Site "http://www.queenalice.com/game.php?id=1249720"]
[Date "2014.1.20"]
[Round "1"]
[White "Zugswang"]
[Black "seigneur"]
[Result "0-1"]
[WhiteElo "2243"]
[BlackElo "2293"]

1. e4 c5 2. Nc3 Nc6 3. g3 g6 4. Bg2 Bg7 5. Nge2 Rb8 6. O-O b5 7. a4 b4 8. Nd5 e6
9. Ne3 Nge7 10. c3 O-O 11. d4 d6 12. f4 Qc7 13. e5 cxd4 14. cxd4 Ba6 15. Rf2
Rfd8 16. Qb3 Bxe2 17. d5 Nd4 18. Qa2 exd5 19. Nxd5 Nxd5 20. Bxd5 b3 21. Qb1 dxe5
22. Qe4 Qc5 0-1

[Event "AUTO-MASTER-2019"]
[Site "http://www.queenalice.com/game.php?id=1249721"]
[Date "2014.1.20"]
[Round "1"]
[White "seigneur"]
[Black "Zugswang"]
[Result "1-0"]
[WhiteElo "2313"]
[BlackElo "2233"]

1. e4 g6 2. d4 Bg7 3. Nc3 c5 4. d5 d6 5. Bb5+ Bd7 6. a4 a6 7. Be2 Nf6 8. Nf3 Qc7
9. O-O h6 10. Re1 O-O 11. a5 b5 12. axb6 Qxb6 13. e5 Ng4 14. exd6 exd6 15. h3
Nf6 16. Nd2 Qc7 17. Nc4 g5 18. Ne3 a5 19. Bf3 Na6 20. Ne4 Nxe4 21. Bxe4 f5 22.
Bf3 c4 23. c3 f4 24. Nf1 Nc5 25. Be2 Nb3 26. Ra3 a4 27. Nd2 Nxd2 28. Qxd2 f3 29.
Bxf3 Bxh3 30. Bh5 Bf5 31. Qd1 Qd7 32. Bf3 Bd3 33. Bg4 Qb5 34. Be6+ Kh8 35. Qh5
Qb6 36. Re3 Rf6 37. Rxa4 Raf8 38. Rb4 Qa7 39. f3 Rf4 40. Bg4 Qf7 41. Qxf7 R4xf7
42. Rb6 Be5 43. Rxe5 dxe5 44. Rxh6+ Rh7 45. Bxg5 Rxh6 46. Bxh6 Rb8 47. Bg5 Kg7
48. d6 Kg6 49. Bh4 1-0

[Event "AUTO-MASTER-2019"]
[Site "http://www.queenalice.com/game.php?id=1249732"]
[Date "2014.1.20"]
[Round "1"]
[White "Abstro"]
[Black "seigneur"]
[Result "0-1"]
[WhiteElo "1736"]
[BlackElo "2292"]

1. d4 d5 2. c4 e6 3. a3 Nf6 4. e3 c5 5. Nf3 Nc6 6. Nc3 a6 7. Be2 dxc4 8. Bxc4 b5
9. Ba2 Bb7 10. O-O Be7 11. b3 O-O 12. Re1 cxd4 13. Nxd4 Qb6 14. Nxc6 Qxc6 0-1

[Event "AUTO-MASTER-2019"]
[Site "http://www.queenalice.com/game.php?id=1249733"]
[Date "2014.1.20"]
[Round "1"]
[White "seigneur"]
[Black "Abstro"]
[Result "1-0"]
[WhiteElo "2303"]
[BlackElo "1805"]

1. e4 e5 2. Nf3 Nc6 3. Bb5 d6 4. d4 Bd7 5. Nc3 a6 6. Bxc6 Bxc6 7. dxe5 dxe5 8.
Qxd8+ Rxd8 9. Nxe5 Bd7 10. Bd2 Nf6 11. O-O-O Bd6 12. Nxd7 Rxd7 13. h3 h5 14.
Rhe1 Be5 15. f4 Bd4 16. e5 Nd5 17. Nxd5 Rxd5 18. Bc3 c5 19. Bxd4 cxd4 20. Re4
Ke7 21. Rexd4 Rxd4 22. Rxd4 Rh6 23. g3 Rg6 24. Rd3 f6 25. exf6+ 1-0

[Event "AUTO-MASTER-2019"]
[Site "http://www.queenalice.com/game.php?id=1249738"]
[Date "2014.1.20"]
[Round "1"]
[White "erig1969"]
[Black "seigneur"]
[Result "0-1"]
[WhiteElo "2074"]
[BlackElo "2304"]

1. d4 Nf6 2. Bg5 d5 3. Bxf6 exf6 4. g3 c6 5. Bg2 Bd6 6. Nf3 O-O 7. O-O Qb6 8. b3
Be6 9. Nc3 Na6 10. e3 Bb4 11. Na4 Qa5 12. a3 Be7 13. c3 b5 14. Nc5 Bxc5 15. dxc5
Qxc3 16. b4 Bg4 17. Qc1 Qxc1 18. Rfxc1 Nc7 19. Nd4 Bd7 20. Rd1 f5 21. Bh3 g6 22.
a4 a6 23. Nf3 Rfe8 24. axb5 axb5 25. Nd4 Ne6 26. Nb3 Kf8 27. Ra5 Rxa5 28. bxa5
Ra8 29. Ra1 Bc8 30. Kf1 Ke7 31. Ke2 Ba6 32. Kd2 b4 33. Bf1 Bc4 34. Bxc4 dxc4 35.
Nd4 Nxc5 36. Nxc6+ Kd6 37. Nxb4 Nb3+ 0-1

[Event "AUTO-MASTER-2019"]
[Site "http://www.queenalice.com/game.php?id=1249739"]
[Date "2014.1.20"]
[Round "1"]
[White "seigneur"]
[Black "erig1969"]
[Result "1-0"]
[WhiteElo "2309"]
[BlackElo "2049"]

1. e4 c5 2. Nf3 a6 3. c3 Nc6 4. d4 cxd4 5. cxd4 g6 6. Nc3 Bg7 7. Be3 d6 8. Be2
Qa5 9. O-O Nf6 10. h3 O-O 11. Qd2 Nd7 12. Rfd1 Nf6 13. d5 Na7 14. Nd4 Bd7 15.
Nb3 Qd8 16. Bh6 b5 17. Bf3 Nc8 18. Nd4 Nb6 19. Bxg7 Kxg7 20. b3 b4 21. Nce2 a5
22. Rac1 e5 23. dxe6 fxe6 24. e5 Nfd5 25. exd6 Qb8 26. Ng3 Qxd6 27. Ne4 Qe7 28.
Nc5 Rad8 29. Bg4 Rf6 30. Re1 e5 31. Nxd7 Rxd7 32. Bxd7 Nxd7 33. Nc6 Qd6 34. Rcd1
N7b6 35. Nxe5 Qc7 36. Ng4 Rf8 37. Qd4+ Nf6 38. Nxf6 Rxf6 39. Re6 1-0

[Event "AUTO-MASTER-2019"]
[Site "http://www.queenalice.com/game.php?id=1318163"]
[Date "2014.10.27"]
[Round "2"]
[White "Spartaccus"]
[Black "seigneur"]
[Result "0-1"]
[WhiteElo "2100"]
[BlackElo "2331"]

1. e4 e6 2. d4 d5 3. Nc3 Nf6 4. e5 Nfd7 5. f4 c5 6. Nf3 a6 7. Be2 Nc6 8. Be3 b5
9. O-O Qb6 10. Qd2 cxd4 11. Nxd4 Bc5 12. Rad1 Bb7 13. a3 Rc8 14. Bf2 Nxd4 15.
Bxd4 Bxd4+ 16. Qxd4 Qxd4+ 17. Rxd4 Nb8 18. a4 Nc6 19. Rd2 b4 20. Nd1 O-O 21. Ne3
Rc7 22. Kf2 f6 0-1

[Event "AUTO-MASTER-2019"]
[Site "http://www.queenalice.com/game.php?id=1318164"]
[Date "2014.10.27"]
[Round "2"]
[White "seigneur"]
[Black "Spartaccus"]
[Result "1-0"]
[WhiteElo "2336"]
[BlackElo "2093"]

1. d4 d5 2. c4 c6 3. Nf3 Nf6 4. Nc3 e6 5. e3 Nbd7 6. Bd3 Be7 7. O-O O-O 8. b3 b6
9. Bb2 Bb7 10. Qe2 Bd6 11. Rad1 Qe7 12. Rfe1 Bb4 13. Qc2 c5 14. Qe2 Ne4 15. Qc2
Bxc3 16. Bxc3 Nxc3 17. Qxc3 dxc4 18. Bxc4 Bxf3 19. gxf3 cxd4 20. Rxd4 Ne5 21.
Be2 Rac8 22. Qa1 1-0

[Event "AUTO-ELITE-1451"]
[Site "http://www.queenalice.com/game.php?id=1341993"]
[Date "2015.2.16"]
[Round "1"]
[White "seigneur"]
[Black "hune"]
[Result "1-0"]
[WhiteElo "2328"]
[BlackElo "2304"]

1. d4 Nf6 2. c4 e6 3. Nf3 d5 4. Nc3 Be7 5. Bf4 O-O 6. e3 Nbd7 7. c5 c6 8. Bd3 b6
9. b4 a5 10. a3 Ba6 11. O-O Bxd3 12. Qxd3 Qc8 13. h3 Qb7 14. Rfb1 axb4 15. axb4
Rxa1 16. Rxa1 Ra8 17. Qb1 h6 18. Ne5 Nxe5 19. Bxe5 1-0

[Event "AUTO-ELITE-1451"]
[Site "http://www.queenalice.com/game.php?id=1341994"]
[Date "2015.2.16"]
[Round "1"]
[White "hune"]
[Black "seigneur"]
[Result "1/2-1/2"]
[WhiteElo "2170"]
[BlackElo "2326"]

1. e4 e6 2. d4 d5 3. Nc3 Nf6 4. Bg5 Be7 5. e5 Nfd7 6. Bxe7 Qxe7 7. Qg4 O-O 8.
Bd3 f5 9. exf6 Nxf6 10. Qh4 Nc6 11. Nf3 e5 12. dxe5 Nxe5 13. Bxh7+ Kf7 14. O-O-O
Nxf3 15. gxf3 Nxh7 16. Qxh7 Qg5+ 17. Kb1 c6 18. Rdg1 Qf6 19. Qh5+ g6 20. Qh7+
Qg7 21. Qh4 Qf6 22. Qg3 Bf5 23. Re1 Rae8 24. Rhg1 Rxe1+ 25. Rxe1 Qd8 26. Re5 Rh8
27. f4 Qd7 28. a4 b6 29. Kc1 Rh5 30. Qg2 Qd6 31. Kb1 Rh4 32. f3 Rxf4 33. Re1 Rh4
34. Re2 Qf6 35. a5 Rb4 36. Kc1 bxa5 37. Qg3 Rb7 38. Qf4 g5 39. Qg3 Re7 1/2-1/2

[Event "AUTO-ELITE-1451"]
[Site "http://www.queenalice.com/game.php?id=1341995"]
[Date "2015.2.16"]
[Round "1"]
[White "seigneur"]
[Black "zatu"]
[Result "0-1"]
[WhiteElo "2341"]
[BlackElo "2297"]

1. d4 Nf6 2. c4 e6 3. Nf3 b6 4. g3 Ba6 5. Qb3 Nc6 6. Bd2 Bb7 7. d5 Ne7 8. dxe6
fxe6 9. Bg2 Nf5 10. O-O Bc5 11. Nc3 O-O 12. Rad1 Qe8 13. h3 Nxg3 14. Rfe1 Qh5
15. Bf4 Bxf2+ 16. Kxf2 Nfe4+ 0-1

[Event "AUTO-ELITE-1451"]
[Site "http://www.queenalice.com/game.php?id=1341996"]
[Date "2015.2.16"]
[Round "1"]
[White "zatu"]
[Black "seigneur"]
[Result "1-0"]
[WhiteElo "2297"]
[BlackElo "2339"]

1. e4 e6 2. d4 d5 3. Nc3 Nf6 4. Bg5 Be7 5. e5 Nfd7 6. Bxe7 Qxe7 7. Qg4 O-O 8.
Bd3 f5 9. exf6 Rxf6 10. Qh4 Nf8 11. Nf3 Nc6 12. O-O a6 13. Ne5 Bd7 14. Rad1 Be8
15. Rde1 Rh6 16. Qxe7 Nxe7 17. f4 Rf6 18. g4 Nd7 19. f5 Nxe5 20. Rxe5 Bd7 21. g5
Rxf5 22. Bxf5 Nxf5 23. Ne2 Nd6 24. g6 hxg6 25. Nf4 Re8 26. Nxg6 1-0